Snakes and ladders : (Record no. 233689)

000 -LEADER
fixed length control field 00908cam a2200289 a 4500
001 - CONTROL NUMBER
control field 1637255
003 - CONTROL NUMBER IDENTIFIER
control field Nust
005 - DATE AND TIME OF LATEST TRANSACTION
control field 20211004114430.0
008 - FIXED-LENGTH DATA ELEMENTS--GENERAL INFORMATION
fixed length control field 961106s1997 nyua 000 0 eng
010 ## - LIBRARY OF CONGRESS CONTROL NUMBER
LC control number 96049004
020 ## - INTERNATIONAL STANDARD BOOK NUMBER
International Standard Book Number 9780749394769
038 ## - RECORD CONTENT LICENSOR
Staff Name Saba
040 ## - CATALOGING SOURCE
Original cataloging agency DLC
Transcribing agency DLC
Modifying agency DLC
050 00 - LIBRARY OF CONGRESS CALL NUMBER
Classification number DS414.2
Item number .M44 1997
082 00 - DEWEY DECIMAL CLASSIFICATION NUMBER
Classification number 954
Author Mark MEH
100 1# - MAIN ENTRY--PERSONAL NAME
Personal name Mehta, Gita.
9 (RLIN) 82919
245 00 - TITLE STATEMENT
Title Snakes and ladders :
Remainder of title A View of Modern India /
Statement of responsibility, etc. Gita Mehta.
250 ## - EDITION STATEMENT
Edition statement 1st ed.
260 ## - PUBLICATION, DISTRIBUTION, ETC.
Place of publication, distribution, etc. New York :
Name of publisher, distributor, etc. N.A. Talese,
Date of publication, distribution, etc. 1997.
300 ## - PHYSICAL DESCRIPTION
Extent 224 p. :
Dimensions 20 cm.
563 ## - BINDING INFORMATION
Binding note PB
651 #0 - SUBJECT ADDED ENTRY--GEOGRAPHIC NAME
Geographic name India
General subdivision Description and travel.
9 (RLIN) 3320
856 42 - ELECTRONIC LOCATION AND ACCESS
Materials specified Publisher description
Uniform Resource Identifier <a href="http://www.loc.gov/catdir/description/random043/96049004.html">http://www.loc.gov/catdir/description/random043/96049004.html</a>
906 ## - LOCAL DATA ELEMENT F, LDF (RLIN)
a 7
b cbc
c orignew
d 1
e ocip
f 19
g y-gencatlg
942 ## - ADDED ENTRY ELEMENTS (KOHA)
Source of classification or shelving scheme
Koha item type Book
Holdings
Withdrawn status Lost status Source of classification or shelving scheme Damaged status Not for loan Collection code Permanent Location Current Location Shelving location Date acquired Total Checkouts Total Renewals Full call number Barcode Date last seen Date last checked out Copy number Price effective from Koha item type
            Central Library (CL) Central Library (CL) Book Cart 03/10/2017 1 3 954 MEH CL457 05/21/2025 04/15/2022 1 03/10/2017 Book
© 2023 Central Library, National University of Sciences and Technology. All Rights Reserved.